[Event "FRA-chT1 0910"]
[Site "France"]
[Date "2009.12.12"]
[Round "6.3"]
[White "Debray, Christopher"]
[Black "Kerbrat, Julien"]
[Result "1-0"]
[WhiteElo "2358"]
[BlackElo "2185"]
[PlyCount "88"]
[EventDate "2009.09.27"]
[EventType "team-tourn"]
[EventRounds "11"]
[EventCountry "FRA"]
[SourceTitle "EXT 2011"]
[Source "ChessBase"]
[SourceDate "2010.11.26"]
[SourceVersion "1"]
[SourceVersionDate "2010.11.26"]
[SourceQuality "1"]

1. d4 Nf6 2. c4 c5 3. d5 b5 4. Nd2 g6 5. e4 d6 6. cxb5 Bg7 7. Ngf3 a6 8. a4 0-0 9. Ra3 Bb7 10. Bc4 Nbd7 11. 0-0 Nb6 12. Re1 Ne8 13. bxa6 Bxa6 14. Bxa6 Rxa6 15. a5 Nd7 16. Nc4 Nc7 17. Qa4 Nf6 18. Bd2 Qd7 19. Qxd7 Nxd7 20. Rb3 Ra7 21. Bc3 Rb8 22. Rxb8+ Nxb8 23. e5 Nxd5 24. exd6 Bxc3 25. bxc3 e6 26. Rb1 Nd7 27. Rb3 f6 28. Kf1 Kf7 29. Ne1 e5 30. Ke2 Ke6 31. g3 e4 32. f4 f5 33. Ng2 N7f6 34. Nge3 Ne8 35. Rb8 Nxd6 36. Nxd6 Nxc3+ 37. Kd2 Kxd6 38. Kxc3 Kc7 39. Rb5 Kd7 40. Nc4 Kc6 41. Rb6+ Kc7 42. Rf6 Kd8 43. Rc6 Rd7 44. a6 Rd1 1-0

[Event "FRA-chT1A 0809"]
[Site "France"]
[Date "2008.11.09"]
[Round "3.3"]
[White "Pasquier, Thomas"]
[Black "Kerbrat, Julien"]
[Result "0-1"]
[WhiteElo "2272"]
[BlackElo "2213"]
[PlyCount "92"]
[EventDate "2008.10.19"]
[EventType "team-tourn"]
[EventRounds "11"]
[EventCountry "FRA"]
[SourceTitle "EXT 2010"]
[Source "ChessBase"]
[SourceDate "2010.11.25"]
[SourceVersion "1"]
[SourceVersionDate "2010.11.25"]
[SourceQuality "1"]
[WhiteTeam "Toulouse"]
[BlackTeam "Cannes II"]
[WhiteTeamCountry "FRA"]
[BlackTeamCountry "FRA"]

1. d4 Nf6 2. Nf3 d5 3. c4 c6 4. Nbd2 e6 5. g3 Bd6 6. Bg2 0-0 7. 0-0 Nbd7 8. a3 h6 9. b4 a5 10. Rb1 axb4 11. axb4 Qe7 12. b5 cxb5 13. Rxb5 b6 14. cxd5 exd5 15. Rb1 Re8 16. Re1 Bb7 17. Bb2 b5 18. e3 Nb6 19. Ne5 Nc4 20. Nd3 b4 21. Nb3 Ne4 22. Ra1 Bc6 23. Qe2 Bb5 24. Rxa8 Rxa8 25. Ra1 Rxa1+ 26. Bxa1 Qa7 27. Qc2 f5 28. h4 Qb8 29. Nf4 Qa8 30. Qc1 Qa2 31. Bxe4 fxe4 32. Nc5 Bxf4 33. exf4 b3 34. f5 b2 35. Bxb2 Qxb2 36. Qf4 Be8 37. Ne6 e3 38. fxe3 Qc1+ 39. Kf2 Qd2+ 40. Kf3 Qd1+ 41. Kf2 Nd2 42. g4 Qf1+ 43. Kg3 Qg1+ 44. Kh3 Ne4 45. h5 Nf2+ 46. Kh4 Qh1+ 0-1

[Event "FRA-chT1B 0708"]
[Site "France"]
[Date "2007.12.15"]
[Round "4.5"]
[White "Cursoux, Laurent"]
[Black "Kerbrat, Julien"]
[Result "1/2-1/2"]
[WhiteElo "2243"]
[BlackElo "2171"]
[PlyCount "130"]
[EventDate "2007.10.21"]
[EventType "team"]
[EventRounds "11"]
[EventCountry "FRA"]
[SourceTitle "EXT 2009"]
[Source "ChessBase"]
[SourceDate "2008.11.26"]
[SourceVersion "1"]
[SourceVersionDate "2008.11.26"]
[SourceQuality "1"]
[WhiteTeam "Avignon"]
[BlackTeam "Cannes II"]
[WhiteTeamCountry "FRA"]
[BlackTeamCountry "FRA"]

1. e4 c5 2. Nf3 e6 3. Nc3 d6 4. d4 cxd4 5. Qxd4 Nf6 6. Bg5 Be7 7. 0-0-0 Nc6 8. Bb5 Bd7 9. Qd3 a6 10. Bxc6 Bxc6 11. Rhe1 Qa5 12. Kb1 0-0 13. Bd2 Qc7 14. Nd4 b5 15. Nxc6 Qxc6 16. f3 Nd7 17. Bf4 Ne5 18. Bxe5 dxe5 19. Ne2 Rac8 20. Qc3 b4 21. Qxc6 Rxc6 22. Rd7 Bc5 23. Red1 Rfc8 24. Rd8+ Bf8 25. Rxc8 Rxc8 26. Nc1 Rc6 27. Nb3 Rd6 28. Kc1 Rc6 29. Rd7 g6 30. Kd2 a5 31. Kd3 a4 32. Na5 Rc5 33. Nc4 a3 34. bxa3 bxa3 35. Ra7 Kg7 36. Nxa3 Kf6 37. Nc4 Rb5 38. Ra5 Rb1 39. Nxe5 Bd6 40. Ng4+ Kg7 41. e5 Bb8 42. a4 h5 43. Ne3 Rh1 44. h3 f6 45. exf6+ Kxf6 46. Ra8 Bf4 47. a5 Kg5 48. a6 Ra1 49. Nc4 Kh4 50. a7 g5 51. g4 hxg4 52. fxg4 Kg3 53. Kd4 Kg2 54. Kc5 Bh2 55. Kb5 Bg1 56. Na5 e5 57. Nc6 e4 58. Re8 Bxa7 59. Nxa7 Rxa7 60. Rxe4 Kxh3 61. c4 Rf7 62. Kc5 Rf4 63. Kd4 Kxg4 64. c5 Kf5 65. Rxf4+ gxf4 1/2-1/2

[Event "FRA-chT1B 0708"]
[Site "France"]
[Date "2007.11.25"]
[Round "3.5"]
[White "Kerbrat, Julien"]
[Black "Vesin, Jean Robert"]
[Result "1-0"]
[WhiteElo "2171"]
[BlackElo "2286"]
[PlyCount "67"]
[EventDate "2007.10.21"]
[EventType "team"]
[EventRounds "11"]
[EventCountry "FRA"]
[SourceTitle "EXT 2009"]
[Source "ChessBase"]
[SourceDate "2008.11.26"]
[SourceVersion "1"]
[SourceVersionDate "2008.11.26"]
[SourceQuality "1"]
[WhiteTeam "Cannes II"]
[BlackTeam "Besancon TPG"]
[WhiteTeamCountry "FRA"]
[BlackTeamCountry "FRA"]

1. e4 c5 2. Nf3 g6 3. c4 Bg7 4. Nc3 Nc6 5. d3 e6 6. Be3 Nd4 7. Bxd4 cxd4 8. Nb5 a6 9. Qa4 Nh6 10. Qa3 axb5 11. Qxa8 bxc4 12. dxc4 0-0 13. Bd3 d5 14. 0-0 Qb6 15. Qa3 dxe4 16. Bxe4 f5 17. Bc2 e5 18. Rad1 e4 19. c5 Qd8 20. Nxd4 Ng4 21. Nxf5 Qc7 22. Ng3 Bf5 23. h3 e3 24. Qb3+ Kh8 25. hxg4 Bxg4 26. Qxe3 Bxd1 27. Rxd1 Bxb2 28. Rb1 Qg7 29. Ne2 Be5 30. Be4 Qf6 31. Rxb7 Rd8 32. f3 Rd1+ 33. Kf2 Qa6 34. Qh6 1-0

[Event "FRA-chT1B 0607"]
[Site "France"]
[Date "2007.03.10"]
[Round "10.4"]
[White "Carbonnel, Pierre"]
[Black "Kerbrat, Julien"]
[Result "1-0"]
[WhiteElo "2276"]
[BlackElo "2185"]
[PlyCount "75"]
[EventDate "2006.10.15"]
[EventType "team"]
[EventRounds "11"]
[EventCountry "FRA"]
[SourceTitle "EXT 2008"]
[Source "ChessBase"]
[SourceDate "2007.11.25"]
[SourceVersion "1"]
[SourceVersionDate "2007.11.25"]
[SourceQuality "1"]
[WhiteTeam "Vincennes"]
[BlackTeam "Cannes II"]
[WhiteTeamCountry "FRA"]
[BlackTeamCountry "FRA"]

1. e4 c5 2. Nf3 e6 3. d4 cxd4 4. Nxd4 Nf6 5. Nc3 d6 6. g4 h6 7. g5 hxg5 8. Bxg5 a6 9. h4 Be7 10. Qd2 Nc6 11. 0-0-0 Qc7 12. f4 Bd7 13. Bg2 Nxd4 14. Qxd4 Bc6 15. Rh3 Rd8 16. f5 e5 17. Qd2 b5 18. Bxf6 Bxf6 19. Nd5 Bxd5 20. Qxd5 b4 21. h5 Qc5 22. Bf1 a5 23. Bc4 Qxd5 24. Rxd5 Rc8 25. Be2 Ke7 26. Rxa5 Ra8 27. Rxa8 Rxa8 28. Bc4 Rc8 29. Bd5 Bg5+ 30. Kd1 Rh8 31. Ke2 Bc1 32. Rb3 Rxh5 33. Rxb4 f6 34. a4 Rh2+ 35. Kd3 Rh3+ 36. Kc4 Kd7 37. a5 Be3 38. Rb7+ 1-0

[Event "FRA-chT1B 0607"]
[Site "France"]
[Date "2007.02.11"]
[Round "8.5"]
[White "Kerbrat, Julien"]
[Black "Eustache, Boris"]
[Result "0-1"]
[WhiteElo "2172"]
[BlackElo "2147"]
[PlyCount "112"]
[EventDate "2006.10.15"]
[EventType "team"]
[EventRounds "11"]
[EventCountry "FRA"]
[SourceTitle "EXT 2008"]
[Source "ChessBase"]
[SourceDate "2007.11.25"]
[SourceVersion "1"]
[SourceVersionDate "2007.11.25"]
[SourceQuality "1"]
[WhiteTeam "Cannes II"]
[BlackTeam "Paris Chess Club II"]
[WhiteTeamCountry "FRA"]
[BlackTeamCountry "FRA"]

1. e4 e6 2. d3 d5 3. Nd2 Nf6 4. Ngf3 b6 5. Qe2 dxe4 6. dxe4 Ba6 7. c4 Nc6 8. e5 Nd7 9. b3 Nc5 10. Bb2 Nb4 11. Kd1 Qd3 12. Qxd3 Ncxd3 13. Bxd3 Nxd3 14. Bd4 0-0-0 15. Kc2 Nb4+ 16. Kb2 Bc5 17. Bxc5 Nd3+ 18. Kc2 Nxc5 19. Rad1 h6 20. Nb1 Bb7 21. Nc3 Ne4 22. Nxe4 Bxe4+ 23. Kc1 Bxf3 24. gxf3 a5 25. Rhg1 g6 26. Rg4 Rxd1+ 27. Kxd1 Rd8+ 28. Ke2 c5 29. Rf4 Rd7 30. Rf6 Kd8 31. f4 h5 32. f5 gxf5 33. f4 Ke7 34. Rh6 Rd4 35. Ke3 Re4+ 36. Kf3 a4 37. Rxh5 Re1 38. Rh8 axb3 39. axb3 Rb1 40. Rb8 Rxb3+ 41. Ke2 Rb4 42. Kf3 Rxc4 43. Rxb6 Kf8 44. Rc6 Kg7 45. h3 Rc3+ 46. Ke2 Kg6 47. Rc8 Rxh3 48. Kf2 Kh5 49. Kg2 Rc3 50. Rg8 c4 51. Rg7 Rd3 52. Rxf7 Kg4 53. Re7 c3 54. Kf2 Kxf4 55. Rxe6 c2 56. Rc6 Rd2+ 0-1

[Event "FRA-chT1B 0607"]
[Site "France"]
[Date "2007.01.21"]
[Round "6.6"]
[White "Kerbrat, Julien"]
[Black "Vesin, Jean Robert"]
[Result "1-0"]
[WhiteElo "2172"]
[BlackElo "2299"]
[PlyCount "89"]
[EventDate "2006.10.15"]
[EventType "team"]
[EventRounds "11"]
[EventCountry "FRA"]
[SourceTitle "EXT 2008"]
[Source "ChessBase"]
[SourceDate "2007.11.25"]
[SourceVersion "1"]
[SourceVersionDate "2007.11.25"]
[SourceQuality "1"]
[WhiteTeam "Cannes II"]
[BlackTeam "Besancon TPG"]
[WhiteTeamCountry "FRA"]
[BlackTeamCountry "FRA"]

1. e4 c5 2. Nf3 g6 3. c4 Bg7 4. Nc3 Nc6 5. g3 a6 6. Bg2 e6 7. 0-0 Nge7 8. d3 0-0 9. Ne2 d5 10. Nh4 b5 11. Rb1 bxc4 12. dxc4 d4 13. Bd2 Rb8 14. Nc1 e5 15. Nd3 Be6 16. Qc1 Qd6 17. f4 f5 18. Nf2 exf4 19. gxf4 Qd7 20. e5 g5 21. Nf3 gxf4 22. Nd3 Qc7 23. Bxf4 Ng6 24. b3 Nb4 25. Nxb4 Rxb4 26. Bd2 Rbb8 27. Ng5 Bc8 28. Bd5+ Kh8 29. e6 f4 30. Nf7+ Kg8 31. Bxf4 Nxf4 32. Qxf4 Qxf4 33. Rxf4 Re8 34. Nd6 Re7 35. Nf5 Rbb7 36. Nxe7+ Rxe7 37. Re1 Bh6 38. Rf7 Re8 39. e7 Bd7 40. Rf8+ Kg7 41. Ref1 Be3+ 42. Kg2 d3 43. Rxe8 Bxe8 44. Rf8 d2 45. Bf3 1-0

[Event "FRA-chT2C 0506"]
[Site "France"]
[Date "2006.03.11"]
[Round "8.5"]
[White "Artiaga, Romain"]
[Black "Kerbrat, Julien"]
[Result "0-1"]
[WhiteElo "2029"]
[BlackElo "2180"]
[PlyCount "100"]
[EventDate "2005.10.27"]
[EventType "team"]
[EventRounds "11"]
[EventCountry "FRA"]
[SourceTitle "EXT 2006"]
[Source "ChessBase"]
[SourceDate "2005.11.24"]
[SourceVersion "1"]
[SourceVersionDate "2005.11.24"]
[SourceQuality "1"]
[BlackTeam "Cannes"]
[BlackTeamCountry "FRA"]

1. Nf3 Nf6 2. g3 g6 3. Bg2 Bg7 4. 0-0 0-0 5. c4 c6 6. Nc3 d5 7. cxd5 cxd5 8. d4 Nc6 9. Ne5 e6 10. Bg5 Qb6 11. Na4 Qa5 12. Nxc6 bxc6 13. Rc1 Ba6 14. Nc5 Rfc8 15. Rc3 Qb5 16. Ra3 Qxe2 17. Rxa6 Qxb2 18. Qd2 Rab8 19. Nb3 Qxd2 20. Bxd2 Rb6 21. Nc5 Ne8 22. Be3 Nc7 23. Ra3 Nb5 24. Rd3 Nd6 25. Rb3 Rcb8 26. Rfb1 Nf5 27. Rd1 Rxb3 28. Nxb3 Rb4 29. Bh3 Nd6 30. Bf1 Ra4 31. Rc1 Rxa2 32. Rxc6 Nf5 33. Rc8+ Bf8 34. Bf4 f6 35. Nc5 Kf7 36. Rc7+ Ne7 37. Nd7 Nf5 38. Nb8+ Kg8 39. Rc8 Kf7 40. Nc6 g5 41. Bb8 a5 42. Ba7 Bb4 43. Rc7+ Kg8 44. Bd3 Be1 45. g4 Bxf2+ 46. Kh1 Ne3 47. Bxh7+ Kh8 48. h3 Bg3 49. Bb1 Rh2+ 50. Kg1 Bxc7 0-1

[Event "FRA-chT2C 0506"]
[Site "France"]
[Date "2006.01.15"]
[Round "6.3"]
[White "Debray, Tristan"]
[Black "Kerbrat, Julien"]
[Result "1/2-1/2"]
[WhiteElo "2118"]
[BlackElo "2180"]
[PlyCount "89"]
[EventDate "2005.10.27"]
[EventType "team"]
[EventRounds "11"]
[EventCountry "FRA"]
[SourceTitle "EXT 2006"]
[Source "ChessBase"]
[SourceDate "2005.11.24"]
[SourceVersion "1"]
[SourceVersionDate "2005.11.24"]
[SourceQuality "1"]
[BlackTeam "Cannes"]
[BlackTeamCountry "FRA"]

1. e4 c5 2. Nc3 Nc6 3. g3 g6 4. Bg2 Bg7 5. d3 d6 6. Be3 Nf6 7. h3 a6 8. f4 Qc7 9. Nf3 Rb8 10. g4 b5 11. 0-0 b4 12. Ne2 Nd7 13. c3 bxc3 14. bxc3 Qa5 15. Qd2 Nb6 16. Rab1 0-0 17. f5 Bd7 18. Bh6 Na4 19. Bxg7 Kxg7 20. g5 f6 21. Nh4 Ne5 22. fxg6 hxg6 23. Rxb8 Rxb8 24. gxf6+ exf6 25. Qf4 Rf8 26. d4 cxd4 27. cxd4 Nc4 28. Qg3 Qg5 29. Qf2 Qe3 30. Rc1 Rc8 31. Qxe3 Nxe3 32. Rxc8 Bxc8 33. Nf3 Be6 34. d5 Bd7 35. Nfd4 Nxg2 36. Kxg2 Nc5 37. Nc3 f5 38. exf5 gxf5 39. Kg3 Kf6 40. h4 Be8 41. Kf4 Nd3+ 42. Ke3 Ne1 43. Kf2 Nd3+ 44. Ke3 Ne1 45. Kf2 1/2-1/2

[Event "FRA-chT2C 0506"]
[Site "France"]
[Date "2005.11.19"]
[Round "2.4"]
[White "Kerbrat, Julien"]
[Black "Krivoshey, Sergei"]
[Result "0-1"]
[WhiteElo "2180"]
[BlackElo "2533"]
[PlyCount "138"]
[EventDate "2005.10.27"]
[EventType "team"]
[EventRounds "11"]
[EventCountry "FRA"]
[SourceTitle "EXT 2006"]
[Source "ChessBase"]
[SourceDate "2005.11.24"]
[SourceVersion "1"]
[SourceVersionDate "2005.11.24"]
[SourceQuality "1"]
[WhiteTeam "Cannes"]
[WhiteTeamCountry "FRA"]

1. e4 d5 2. exd5 Nf6 3. d4 Bg4 4. Nf3 Qxd5 5. Be2 Nc6 6. 0-0 0-0-0 7. Be3 Qf5 8. c4 e5 9. d5 e4 10. Nd4 Nxd4 11. Bxd4 Bd6 12. Nc3 Rhe8 13. Re1 Be5 14. Bxe5 Bxe2 15. Qxe2 Qxe5 16. h3 Qg5 17. Qe3 Qxe3 18. Rxe3 c6 19. dxc6 bxc6 20. Rae1 Rd4 21. b3 Re6 22. g4 h6 23. Kg2 Kc7 24. Ne2 Rd2 25. Nc3 Rd4 26. Ne2 Rd2 27. Nc3 Red6 28. Nxe4 Nxe4 29. Rxe4 Rxa2 30. Re7+ Rd7 31. R1e3 Rad2 32. Re8 R2d3 33. Kf3 a5 34. Ke2 Rd2+ 35. Kf3 R2d3 36. Ke2 Rxe3+ 37. Kxe3 Kb6 38. Rg8 g5 39. Rh8 Rd6 40. Ra8 Rd1 41. Rf8 Kc5 42. Rxf7 Rb1 43. Rf5+ Kb4 44. Rf6 Rxb3+ 45. Ke2 a4 46. Rxc6 a3 47. Ra6 Rxh3 48. f3 a2 49. Ke3 Rh2 50. Kd3 Rf2 51. Ke3 Rc2 52. Rb6+ Kc3 53. Ra6 Kb2 54. Rb6+ Kc1 55. Ra6 Kb1 56. Kd3 Rb2 57. Rxh6 a1Q 58. Rh1+ Ka2 59. Rxa1+ Kxa1 60. Ke4 Rf2 61. Kf5 Rxf3+ 62. Kxg5 Kb2 63. c5 Kc3 64. c6 Kd4 65. c7 Rc3 66. Kf6 Ke4 67. g5 Rc4 68. Ke7 Rxc7+ 69. Kf6 Rc6+ 0-1

[Event "FRA-chT2 0405"]
[Site "France"]
[Date "2005.03.13"]
[Round "9.5"]
[White "Boghossian, Pierre"]
[Black "Kerbrat, Julien"]
[Result "1/2-1/2"]
[WhiteElo "2126"]
[BlackElo "2158"]
[PlyCount "101"]
[EventDate "2004.10.10"]
[EventType "team"]
[EventRounds "11"]
[EventCountry "FRA"]
[SourceTitle "EXT 2006"]
[Source "ChessBase"]
[SourceDate "2005.11.24"]
[SourceVersion "1"]
[SourceVersionDate "2005.11.24"]
[SourceQuality "1"]
[WhiteTeam "Vitrolles"]
[BlackTeam "Cannes II"]
[WhiteTeamCountry "FRA"]
[BlackTeamCountry "FRA"]

1. e4 c5 2. Nc3 Nc6 3. f4 e6 4. Nf3 d5 5. Bb5 d4 6. Bxc6+ bxc6 7. Nb1 Ba6 8. d3 Nf6 9. Na3 Qb6 10. b3 Qb4+ 11. Qd2 Be7 12. Ne5 Rc8 13. 0-0 Qxd2 14. Bxd2 Nd7 15. Nxd7 Kxd7 16. f5 e5 17. Nc4 Bxc4 18. bxc4 Rb8 19. Rab1 Rhc8 20. Rb3 Bd8 21. Kf2 Rb6 22. Rfb1 Rcb8 23. g4 Bh4+ 24. Kf3 h6 25. Ba5 Rxb3 26. Rxb3 Rxb3 27. cxb3 Bg5 28. Be1 Bc1 29. b4 Kd6 30. bxc5+ Kxc5 31. Ba5 Kd6 32. Ke2 c5 33. h4 Bf4 34. Kd1 Kd7 35. Kc2 Bg3 36. h5 Bh4 37. Kb3 Kc6 38. Ka4 Be7 39. Be1 a6 40. Ba5 Kb7 41. Kb3 Bg5 42. Be1 Bd8 43. Bd2 Kc6 44. Kc2 Kd7 45. Kd1 f6 46. Kc2 Kc6 47. Kb3 Kb7 48. Bc1 Kc6 49. Ka4 Kb7 50. Bd2 Kc6 51. Bc1 1/2-1/2

[Event "FRA-chT2 0405"]
[Site "France"]
[Date "2005.01.08"]
[Round "5.4"]
[White "Kerbrat, Julien"]
[Black "Moingt, Jean Claude"]
[Result "1/2-1/2"]
[WhiteElo "2158"]
[BlackElo "2292"]
[PlyCount "36"]
[EventDate "2004.10.10"]
[EventType "team"]
[EventRounds "11"]
[EventCountry "FRA"]
[SourceTitle "EXT 2006"]
[Source "ChessBase"]
[SourceDate "2005.11.24"]
[SourceVersion "1"]
[SourceVersionDate "2005.11.24"]
[SourceQuality "1"]
[WhiteTeam "Cannes II"]
[BlackTeam "Saint Affrique"]
[WhiteTeamCountry "FRA"]
[BlackTeamCountry "FRA"]

1. e4 c5 2. Nf3 Nc6 3. Bb5 g6 4. Bxc6 dxc6 5. h3 Bg7 6. d3 Nf6 7. Nc3 Nd7 8. Be3 e5 9. Qd2 0-0 10. Bh6 Bxh6 11. Qxh6 Qf6 12. h4 Re8 13. Ne2 Nf8 14. h5 Qg7 15. hxg6 hxg6 16. 0-0-0 Qxh6+ 17. Rxh6 Bg4 18. Rh4 Bxf3 1/2-1/2

[Event "FRA-chT2 0405"]
[Site "France"]
[Date "2004.10.10"]
[Round "1.8"]
[White "Coutton, Sylvain"]
[Black "Kerbrat, Julien"]
[Result "0-1"]
[WhiteElo "2150"]
[BlackElo "2158"]
[PlyCount "88"]
[EventDate "2004.10.10"]
[EventType "team"]
[EventRounds "11"]
[EventCountry "FRA"]
[SourceTitle "EXT 2006"]
[Source "ChessBase"]
[SourceDate "2005.11.24"]
[SourceVersion "1"]
[SourceVersionDate "2005.11.24"]
[SourceQuality "1"]
[WhiteTeam "Echiquier Nicois  II"]
[BlackTeam "Cannes II"]
[WhiteTeamCountry "FRA"]
[BlackTeamCountry "FRA"]

1. d4 Nf6 2. c4 c5 3. d5 b5 4. Nf3 g6 5. cxb5 a6 6. Qc2 d6 7. e4 Bg7 8. Nc3 0-0 9. a4 axb5 10. Bxb5 Na6 11. 0-0 Nb4 12. Qe2 Ba6 13. Bg5 Nd7 14. Rfd1 Re8 15. Bf4 Qb8 16. h3 Rd8 17. h4 h5 18. Kh1 Ra7 19. Bg5 Re8 20. Rg1 Ne5 21. Nxe5 Bxe5 22. g4 Qc8 23. Qf3 hxg4 24. Qxg4 Qxg4 25. Rxg4 Bxb5 26. Nxb5 Ra5 27. Nc3 Nd3 28. Nd1 Bxb2 29. Nxb2 Nxf2+ 30. Kg2 Nxg4 31. Nc4 Ra6 32. Kf3 Ne5+ 33. Nxe5 dxe5 34. a5 e6 35. Be3 exd5 36. Bxc5 d4 37. Bb6 Rc8 38. Re1 Kg7 39. Kg4 Kf6 40. Rf1+ Ke7 41. h5 gxh5+ 42. Kxh5 Rc2 43. Kg5 f6+ 44. Kf5 Rg2 0-1

[Event "FRA-chT2 0304a"]
[Site "France"]
[Date "2004.04.04"]
[Round "11.6"]
[White "Kerbrat, Julien"]
[Black "Vasquez, Georges"]
[Result "1-0"]
[WhiteElo "2158"]
[BlackElo "2070"]
[PlyCount "59"]
[EventDate "2003.10.??"]
[EventType "team"]
[EventRounds "11"]
[EventCountry "FRA"]
[SourceTitle "EXT 2005"]
[Source "ChessBase"]
[SourceDate "2004.11.15"]
[SourceVersion "1"]
[SourceVersionDate "2004.11.15"]
[SourceQuality "1"]
[WhiteTeam "Cannes II"]
[BlackTeam "Eybens"]
[WhiteTeamCountry "FRA"]
[BlackTeamCountry "FRA"]

1. e4 c6 2. d4 d5 3. e5 Bf5 4. h4 h5 5. c4 e6 6. Nc3 Be7 7. g3 Nd7 8. Be2 Bg6 9. Nh3 dxc4 10. Bxc4 Nb6 11. Bb3 Bb4 12. 0-0 Ne7 13. a3 Ba5 14. Nf4 Bxc3 15. bxc3 Nbd5 16. Nxg6 Nxg6 17. Qd3 Nge7 18. Rb1 Rb8 19. a4 Nf5 20. Rd1 Qe7 21. c4 Nb4 22. Qe4 a5 23. Bg5 f6 24. Bf4 Rd8 25. d5 0-0 26. exf6 Rxf6 27. Bg5 Rdf8 28. Bxf6 Rxf6 29. dxe6 Nd6 30. Rxd6 1-0

[Event "FRA-chT2 0304a"]
[Site "France"]
[Date "2004.01.17"]
[Round "5.7"]
[White "Kerbrat, Julien"]
[Black "Baumann, Benjamin"]
[Result "1-0"]
[WhiteElo "2158"]
[BlackElo "2000"]
[PlyCount "55"]
[EventDate "2003.10.??"]
[EventType "team"]
[EventRounds "11"]
[EventCountry "FRA"]
[SourceTitle "EXT 2005"]
[Source "ChessBase"]
[SourceDate "2004.11.15"]
[SourceVersion "1"]
[SourceVersionDate "2004.11.15"]
[SourceQuality "1"]
[WhiteTeam "Cannes II"]
[BlackTeam "Condom"]
[WhiteTeamCountry "FRA"]
[BlackTeamCountry "FRA"]

1. e4 d5 2. exd5 Nf6 3. d4 Bg4 4. Be2 Bxe2 5. Nxe2 Qxd5 6. 0-0 Nc6 7. Na3 0-0-0 8. c4 Qh5 9. Be3 e5 10. d5 Ng4 11. h3 Nxe3 12. fxe3 Bc5 13. Nc2 Qh6 14. Qd3 Nb4 15. Nxb4 Bxb4 16. Rxf7 Rhe8 17. Qe4 Bc5 18. Rf3 Rf8 19. Raf1 Rf6 20. Qxe5 Rdf8 21. Rxf6 gxf6 22. Qe6+ Kb8 23. Nf4 Qg5 24. Kh1 f5 25. Qe5 h5 26. Ne6 Qe7 27. Nxf8 Qxf8 28. Rxf5 1-0

[Event "FRA-chT2S"]
[Site "France"]
[Date "2003.04.06"]
[Round "11.8"]
[White "Duquesnoy, Jean Philippe"]
[Black "Kerbrat, Julien"]
[Result "1-0"]
[WhiteElo "2201"]
[BlackElo "2156"]
[PlyCount "88"]
[EventDate "2002.10.??"]
[EventType "team"]
[EventRounds "11"]
[EventCountry "FRA"]
[SourceTitle "EXT 2004"]
[Source "ChessBase"]
[SourceDate "2003.11.25"]
[SourceVersion "1"]
[SourceVersionDate "2003.11.25"]
[SourceQuality "1"]

1. d4 Nf6 2. c4 c5 3. d5 b5 4. cxb5 a6 5. Nc3 g6 6. e4 d6 7. Nf3 Bg7 8. Bd3 0-0 9. 0-0 axb5 10. Nxb5 Ba6 11. Re1 Nbd7 12. Qc2 Ng4 13. Bf1 Qb6 14. a4 Rfc8 15. h3 Nge5 16. Nxe5 Nxe5 17. f4 Nd7 18. Bc4 Qb7 19. Rb1 Nb6 20. b3 Qd7 21. Bb2 Nxc4 22. bxc4 Bxb5 23. axb5 Bxb2 24. Rxb2 Qb7 25. Rbb1 Ra3 26. Ra1 Rca8 27. Qb2 R3a4 28. Rxa4 Rxa4 29. Qb3 Qa8 30. e5 Qa5 31. Rf1 Ra3 32. Qd1 Ra2 33. exd6 exd6 34. f5 Qc3 35. fxg6 hxg6 36. Qf3 Qd4+ 37. Kh1 f5 38. Qg3 Kh7 39. Qxd6 Ra1 40. Rxa1 Qxa1+ 41. Kh2 Qf1 42. b6 f4 43. b7 Qf2 44. Qe7+ Kh6 1-0

[Event "FRA-chT2S"]
[Site "France"]
[Date "2003.04.05"]
[Round "10.6"]
[White "Kerbrat, Julien"]
[Black "Sintes, Marc"]
[Result "1/2-1/2"]
[WhiteElo "2156"]
[BlackElo "2058"]
[PlyCount "82"]
[EventDate "2002.10.??"]
[EventType "team"]
[EventRounds "11"]
[EventCountry "FRA"]
[SourceTitle "EXT 2004"]
[Source "ChessBase"]
[SourceDate "2003.11.25"]
[SourceVersion "1"]
[SourceVersionDate "2003.11.25"]
[SourceQuality "1"]

1. e4 c5 2. Nf3 d6 3. d4 cxd4 4. Qxd4 Nc6 5. Bb5 Bd7 6. Bxc6 Bxc6 7. Nc3 Nf6 8. Bg5 Qa5 9. 0-0-0 e6 10. h4 Be7 11. Qd3 h6 12. Bd2 Qa6 13. Nd4 Qxd3 14. cxd3 Ng4 15. Be1 Bf6 16. Nxc6 bxc6 17. d4 Rb8 18. Rd3 c5 19. dxc5 dxc5 20. Rg3 h5 21. f3 Ne3 22. f4 Bd4 23. Rhh3 Ng4 24. Nd1 0-0 25. Bc3 Rfd8 26. Rd3 e5 27. fxe5 Nxe5 28. Rd2 Nc4 29. Rc2 Ne5 30. Nf2 Bxc3 31. Rhxc3 c4 32. Rd2 Rxd2 33. Kxd2 Rxb2+ 34. Rc2 Rb1 35. Nd1 Kf8 36. Nb2 Rg1 37. Kc3 Rh1 38. Kd4 f6 39. Nxc4 Nxc4 40. Rxc4 Rxh4 41. Ke3 Rh1 1/2-1/2

[Event "Cannes"]
[Site "Cannes"]
[Date "1999.??.??"]
[Round "1"]
[White "Kerbrat, Julien"]
[Black "Hell, Pascal"]
[Result "0-1"]
[WhiteElo "2157"]
[BlackElo "2132"]
[PlyCount "82"]
[EventDate "1999.02.??"]
[EventType "k.o."]
[EventRounds "7"]
[EventCountry "FRA"]
[SourceTitle "EXT 2000"]
[Source "ChessBase"]
[SourceDate "1999.11.16"]
[SourceVersion "1"]
[SourceVersionDate "1999.11.16"]
[SourceQuality "1"]

1. e4 c5 2. Nf3 Nc6 3. Bb5 g6 4. Bxc6 bxc6 5. 0-0 Bg7 6. d3 Nf6 7. c3 0-0 8. Be3 d6 9. h3 Ba6 10. Qc2 Qa5 11. Nbd2 Rab8 12. Nc4 Qc7 13. Bf4 Nxe4 14. dxe4 Bxc4 15. Rfe1 Qb6 16. b3 Be6 17. Rad1 c4 18. b4 a5 19. a3 axb4 20. axb4 Ra8 21. e5 d5 22. Be3 Qb7 23. Bc5 Bf5 24. Qb2 Ra6 25. Ra1 Rfa8 26. Rxa6 Rxa6 27. Nd4 Be4 28. f3 Bd3 29. f4 e6 30. Ra1 Bf8 31. Bxf8 Kxf8 32. Ra3 Qa8 33. Rxa6 Qxa6 34. b5 cxb5 35. Qb4+ Kg7 36. Nxb5 Qb6+ 37. Kh2 Be4 38. Qb2 d4 39. cxd4 Bc6 40. Qb4 Qxb5 41. Qd6 Qd5 0-1

[Event "FRA-ch U18"]
[Site "Romans"]
[Date "1999.??.??"]
[Round "?"]
[White "Simon, Frederic"]
[Black "Kerbrat, Julien"]
[Result "1/2-1/2"]
[WhiteElo "2005"]
[BlackElo "2157"]
[PlyCount "89"]
[EventDate "1999.04.11"]
[EventType "swiss"]
[EventRounds "9"]
[EventCountry "FRA"]
[SourceTitle "EXT 2000"]
[Source "ChessBase"]
[SourceDate "1999.11.16"]
[SourceVersion "1"]
[SourceVersionDate "1999.11.16"]
[SourceQuality "1"]

1. e4 c5 2. Nc3 Nc6 3. f4 g6 4. Bc4 Bg7 5. Nf3 e6 6. 0-0 Nge7 7. d3 0-0 8. Qe1 Nd4 9. Nxd4 cxd4 10. Nd1 d5 11. Bb3 a5 12. a3 dxe4 13. dxe4 d3 14. Rf3 dxc2 15. Bxc2 Nc6 16. Bb1 e5 17. f5 Nd4 18. Rg3 Qb6 19. Be3 Qd6 20. Qd2 Rd8 21. Ba2 Nxf5 22. exf5 Qxd2 23. Bxd2 Rxd2 24. fxg6 hxg6 25. Rxg6 Kf8 26. Rg3 b6 27. Rf3 f5 28. Rf2 Rxf2 29. Kxf2 Bb7 30. Rc1 Rc8 31. Rxc8+ Bxc8 32. Nc3 Bd7 33. Bc4 e4 34. Bd5 Ke7 35. h4 Bd4+ 36. Ke2 Kd6 37. Ba8 b5 38. g4 b4 39. axb4 axb4 40. gxf5 bxc3 41. bxc3 Bb5+ 42. Kd1 Ba4+ 43. Ke2 Bb5+ 44. Kd1 Bxc3 45. Bxe4 1/2-1/2